|
|
|
|
| LEADER |
01414nam a2200361Ia 4500 |
| 001 |
EBC547173 |
| 003 |
MiAaPQ |
| 005 |
20200520144314.0 |
| 006 |
m o d | |
| 007 |
cr cn||||||||| |
| 008 |
091104s2010 onc s 001 0 eng d |
| 020 |
|
|
|z 9780470161388
|
| 035 |
|
|
|a (MiAaPQ)EBC547173
|
| 035 |
|
|
|a (Au-PeEL)EBL547173
|
| 035 |
|
|
|a (CaPaEBR)ebr10399078
|
| 035 |
|
|
|a (CaONFJC)MIL265352
|
| 035 |
|
|
|a (OCoLC)646788456
|
| 040 |
|
|
|a MiAaPQ
|c MiAaPQ
|d MiAaPQ
|
| 050 |
|
4 |
|a HD9574.C23
|b A737 2010
|
| 100 |
1 |
|
|a Sweeny, Alastair.
|
| 245 |
1 |
0 |
|a Black bonanza
|h [electronic resource] :
|b Alberta's oil sands and the race to secure North America's energy future /
|c Alastair Sweeny.
|
| 260 |
|
|
|a Etobicoke, Ont. :
|b J. Wiley & Sons Canada,
|c c2010.
|
| 300 |
|
|
|a xvii, 254 p.
|
| 500 |
|
|
|a Includes index.
|
| 533 |
|
|
|a Electronic reproduction. Ann Arbor, MI : ProQuest, 2015. Available via World Wide Web. Access may be limited to ProQuest affiliated libraries.
|
| 650 |
|
0 |
|a Oil sands
|x Government policy
|z Alberta.
|
| 650 |
|
0 |
|a Oil sands
|x Economic aspects
|z Alberta.
|
| 650 |
|
0 |
|a Oil sands
|x Environmental aspects
|z Alberta.
|
| 650 |
|
0 |
|a Oil sands industry
|x Technological innovations
|z Alberta.
|
| 651 |
|
0 |
|a Athabasca Tar Sands (Alta.)
|
| 655 |
|
4 |
|a Electronic books.
|
| 710 |
2 |
|
|a ProQuest (Firm)
|
| 856 |
4 |
0 |
|u https://ebookcentral.proquest.com/lib/matrademy/detail.action?docID=547173
|z Click to View
|